000
00319nam a22001457a 4500
008
230927b ||||| |||| 00| 0 eng d
020
_a
093035091
041
_a
eng
080
_a
316
082
_a
316BER
100
_a
24
101
_a
SOCIOLO
245
_a
ERVING GOFMAN FRAME ANALYSIS
_c
BERGER.B
942
_2
udc
_c
BK
999
_c
60411
_d
60411